|
|
|
|
| LEADER |
00969nam a2200289 4500 |
| 001 |
DLU090090750 |
| 005 |
##20090526 |
| 040 |
# |
# |
|a DLU
|b vie
|
| 041 |
# |
# |
|a vie
|
| 044 |
# |
# |
|a vn
|
| 100 |
# |
# |
|a Nguyễn Trung Tín,
|c Ths.
|
| 245 |
# |
# |
|a Mấy ý kiến bổ sung, sửa đổi các quy định của Hiến pháp 1992 về mối quan hệ giữa Điều ước quốc tế với văn bản pháp luật và về trọng tài /
|c Nguyễn Trung Tín.
|
| 653 |
# |
# |
|a Điều ước quốc tế
|
| 653 |
# |
# |
|a Hiến pháp
|
| 653 |
# |
# |
|a Quy định
|
| 653 |
# |
# |
|a Trọng tài
|
| 653 |
# |
# |
|a Văn bản pháp luật
|
| 773 |
# |
# |
|t Nhà nước và pháp luật
|g Số 9, 2001, tr. 27-28
|
| 920 |
# |
# |
|a Phòng Tạp chí -- Trung tâm Thông tin - Thư viện Trường Đại học Đà Lạt
|
| 994 |
# |
# |
|a DLU
|
| 900 |
# |
# |
|a True
|
| 911 |
# |
# |
|a Nguyễn Thị Mai Anh
|
| 925 |
# |
# |
|a G
|
| 926 |
# |
# |
|a A
|
| 927 |
# |
# |
|a BB
|
| 980 |
# |
# |
|a Thư viện Trường Đại học Đà Lạt
|